[Event "45th IT Bosna 2015"]
[Site "Sarajevo"]
[Date "2015.06.05"]
[Round "9.28"]
[White "Karup, Edin"]
[Black "Cabric, Izet"]
[Result "1-0"]
[WhiteElo "2156"]
[BlackElo "1952"]
[PlyCount "88"]
[EventDate "2015.05.30"]

1. e4 d6 2. d4 Nf6 3. Nc3 g6 4. f4 Bg7 5. Nf3 O-O 6. Be3 c6 7. Qd2 b5 8. a3 a5
9. Bd3 Bb7 10. e5 dxe5 11. dxe5 Nd5 12. h4 Na6 13. h5 Nxe3 14. Qxe3 Nc7 15. Ng5
Qd7 16. Rd1 Nd5 17. Nxd5 cxd5 18. hxg6 hxg6 19. f5 Qc7 20. e6 d4 21. Qh3 Qe5+
22. Be4 Rfc8 23. exf7+ Kf8 24. Ne6+ Kxf7 25. fxg6+ Ke8 26. Nxg7+ Qxg7 27. Qh8+
Qxh8 28. Rxh8+ Kd7 29. Rxd4+ Kc7 30. Rh7 Bxe4 31. Rxe7+ Kb6 32. Rdxe4 Rxc2 33.
R4e6+ Kc5 34. Re2 Rxe2+ 35. Kxe2 Ra6 36. Re5+ Kd4 37. Rg5 Ra8 38. Rg3 b4 39. g7
Rg8 40. Kf3 Kd5 41. Kf4 Ke6 42. a4 Kf7 43. Kf5 Rxg7 44. Rxg7+ Kxg7 1-0

[Event "45th IT Bosna 2015"]
[Site "Sarajevo"]
[Date "2015.06.05"]
[Round "9.30"]
[White "Okuyaz, Duru"]
[Black "Bjelopoljak, Salko"]
[Result "1-0"]
[WhiteElo "1835"]
[BlackElo "2084"]
[PlyCount "92"]
[EventDate "2015.05.30"]

1. e4 e6 2. d3 c5 3. Nf3 Nc6 4. Nbd2 d5 5. g3 Qc7 6. Bg2 Nf6 7. O-O Be7 8. Re1
O-O 9. e5 Nd7 10. Qe2 Nb4 11. Nf1 h6 12. c3 Nc6 13. h4 b6 14. N3h2 Ba6 15. Bf4
Rfe8 16. Ng4 Bf8 17. Qd2 Kh7 18. h5 Qd8 19. Ngh2 f6 20. Nf3 f5 21. N1h2 Ne7 22.
Nh4 Bb7 23. g4 g6 24. hxg6+ Nxg6 25. Nxg6 Kxg6 26. gxf5+ exf5 27. Re3 Bg7 28.
d4 Nf8 29. Rh3 Ne6 30. Bxh6 Rh8 31. Rg3+ Kf7 32. Bxg7 Nxg7 33. Nf3 Qf8 34. Qg5
Rg8 35. Qg6+ Ke7 36. Qd6+ Ke8 37. Qxf8+ Kxf8 38. Nh4 Kf7 39. Rg6 Raf8 40. Rd6
Ke8 41. Ng6 Rf7 42. Bf1 c4 43. Be2 f4 44. Bd1 Nf5 45. Ba4+ Rd7 46. Bxd7+ Kf7
1-0

[Event "45th IT Bosna 2015"]
[Site "Sarajevo"]
[Date "2015.06.05"]
[Round "9.31"]
[White "Arda, Cagil Irmak"]
[Black "Peric, Bernard"]
[Result "0-1"]
[WhiteElo "1822"]
[BlackElo "2072"]
[PlyCount "120"]
[EventDate "2015.05.30"]

1. e4 d5 2. exd5 Qxd5 3. Nc3 Qa5 4. d4 c6 5. Nf3 Nf6 6. Bc4 Bf5 7. Bd2 Qc7 8.
Ne2 e6 9. Bf4 Bd6 10. Bxd6 Qxd6 11. c3 Nbd7 12. Ng3 Bg6 13. Qe2 Qf4 14. Qd2 Qd6
15. Qe2 a5 16. Ne5 b5 17. Nxd7 Qxd7 18. Bd3 Qd5 19. f3 O-O 20. O-O Rfd8 21.
Rfd1 Bxd3 22. Qxd3 a4 23. Ne4 Nd7 24. Qe3 Nb6 25. Qg5 Qxg5 26. Nxg5 Rd5 27. Nh3
Rad8 28. Nf4 R5d6 29. Re1 b4 30. Nd3 a3 31. Nxb4 axb2 32. Rab1 Na4 33. Nd3 Nxc3
34. Rxb2 Rxd4 35. Ne5 Rd2 36. Rb7 Ra8 37. Nxc6 h6 38. Rb8+ Rxb8 39. Nxb8 Rxa2
40. Kf1 Nd5 41. Re2 Ra1+ 42. Kf2 Rd1 43. g3 Nb4 44. Re4 Rd2+ 45. Ke1 Rb2 46.
Kf1 Nd5 47. Nd7 Rxh2 48. Ne5 Rc2 49. Ra4 f6 50. Ra8+ Kh7 51. Nd7 Kg6 52. Ra7
Rc7 53. Rxc7 Nxc7 54. Kf2 Kf5 55. Nf8 h5 56. Nd7 g5 57. Nc5 g4 58. f4 Nd5 59.
Nd3 e5 60. fxe5 fxe5 0-1

[Event "45th IT Bosna 2015"]
[Site "Sarajevo"]
[Date "2015.06.05"]
[Round "9.32"]
[White "Osmanovic, Faruk"]
[Black "Sinanovic, Ermin"]
[Result "1-0"]
[WhiteElo "2042"]
[BlackElo "1930"]
[PlyCount "79"]
[EventDate "2015.05.30"]

1. e4 c5 2. Nf3 d6 3. Bb5+ Bd7 4. Bxd7+ Nxd7 5. O-O Ngf6 6. Re1 g6 7. c3 Bg7 8.
h3 O-O 9. d4 d5 10. e5 Ne4 11. Nbd2 cxd4 12. cxd4 Nxd2 13. Bxd2 Qb6 14. Qa4 Nb8
15. b4 a6 16. Qb3 e6 17. Rac1 Nc6 18. Rc5 Rfc8 19. b5 Nxd4 20. Rxc8+ Rxc8 21.
Nxd4 Qxd4 22. Be3 Qxe5 23. bxa6 bxa6 24. Qb7 Rb8 25. Qxa6 d4 26. Bd2 Qd5 27.
Rc1 Bf8 28. a4 Qa2 29. Bf4 Rb4 30. Rc8 Rb1+ 31. Kh2 Qxf2 32. Qd6 Qg1+ 33. Kg3
Rb3+ 34. Kh4 g5+ 35. Kh5 Qd1+ 36. Kxg5 Rg3+ 37. Kh4 Rg4+ 38. hxg4 Qh1+ 39. Bh2
Qe1+ 40. Kh5 1-0

[Event "45th IT Bosna 2015"]
[Site "Sarajevo"]
[Date "2015.06.05"]
[Round "9.33"]
[White "Haskovic, Salih"]
[Black "Pestek, Elvis"]
[Result "1-0"]
[WhiteElo "1942"]
[BlackElo "2035"]
[PlyCount "111"]
[EventDate "2015.05.30"]

1. e4 e5 2. Nf3 Nc6 3. Nc3 Bc5 4. Bc4 d6 5. h3 Nf6 6. d3 O-O 7. O-O Be6 8. Bxe6
fxe6 9. Bg5 h5 10. Na4 Bb6 11. c3 Qe8 12. Nxb6 cxb6 13. Qb3 Nd7 14. h4 Rxf3 15.
gxf3 Qf7 16. Qd1 Rf8 17. Qe2 Qxf3 18. Qxf3 Rxf3 19. Rad1 Nc5 20. Be3 d5 21. Kg2
Rf7 22. f3 d4 23. cxd4 exd4 24. Bc1 e5 25. a3 Ne6 26. Bd2 Nf4+ 27. Bxf4 Rxf4
28. Kg3 Rf6 29. Rc1 a5 30. Rc2 Ne7 31. f4 Rg6+ 32. Kh3 exf4 33. Rxf4 Rg1 34.
Kh2 Rd1 35. Rf3 Nc6 36. Rg3 Ne7 37. Rc7 Kf7 38. Rxb7 Rd2+ 39. Rg2 Rxd3 40. Rxb6
Rd1 41. b4 axb4 42. axb4 d3 43. Rd6 Rb1 44. Rf2+ Kg8 45. Rxd3 Rxb4 46. Re3 Ng6
47. Kg3 Ne5 48. Rfe2 Kf7 49. Kf4 Ng6+ 50. Kg5 Rb5+ 51. e5 Ne7 52. Kxh5 Rb4 53.
e6+ Kf6 54. Rf3+ Nf5 55. Rxf5+ Kxf5 56. e7 1-0

[Event "45th IT Bosna 2015"]
[Site "Sarajevo"]
[Date "2015.06.05"]
[Round "9.34"]
[White "Aleksic, Neven"]
[Black "Becirbasic, Atif"]
[Result "1-0"]
[WhiteElo "2034"]
[BlackElo "1843"]
[PlyCount "49"]
[EventDate "2015.05.30"]

1. d4 Nf6 2. c4 g6 3. Nc3 Bg7 4. e4 d6 5. Nf3 O-O 6. Be2 Bg4 7. O-O Nfd7 8. Bg5
Nc6 9. d5 Bxf3 10. Bxf3 Nd4 11. Be3 e5 12. dxe6 Nxf3+ 13. Qxf3 fxe6 14. Qh3 Qe7
15. f4 Nb6 16. Bxb6 axb6 17. Qd3 Rf7 18. Rf3 Raf8 19. Raf1 Qd7 20. b3 Qc6 21.
Nb5 Bh6 22. Nd4 Qc5 23. Kh1 Rxf4 24. Nxe6 Rxf3 25. gxf3 1-0

[Event "45th IT Bosna 2015"]
[Site "Sarajevo"]
[Date "2015.06.05"]
[Round "9.35"]
[White "Terzic, Ilijas"]
[Black "Colpa, Husein"]
[Result "0-1"]
[WhiteElo "2166"]
[BlackElo "1932"]
[PlyCount "62"]
[EventDate "2015.05.30"]

1. d4 d5 2. Nf3 Nf6 3. c4 c6 4. Nc3 e6 5. e3 Bb4 6. Bd3 Nbd7 7. O-O dxc4 8.
Bxc4 b5 9. Bd3 Bb7 10. e4 a6 11. e5 Nd5 12. Ne4 h6 13. Bd2 Be7 14. Rc1 Rc8 15.
Qe2 Qb6 16. b4 Qd8 17. Bb1 N7b6 18. Nc5 Rc7 19. Qe4 Bc8 20. Qg4 g5 21. Bd3 h5
22. Qe4 g4 23. Ne1 Bg5 24. Bxg5 Qxg5 25. f4 Qh6 26. Nc2 O-O 27. a3 f5 28. exf6
Rxf6 29. Qe5 Rxf4 30. g3 Rf3 31. Be4 Nc4 0-1

[Event "45th IT Bosna 2015"]
[Site "Sarajevo"]
[Date "2015.06.05"]
[Round "9.37"]
[White "Dedic, Nedzad"]
[Black "Bryn, Askild"]
[Result "1-0"]
[WhiteElo "1927"]
[BlackElo "2071"]
[PlyCount "65"]
[EventDate "2015.05.30"]

1. e4 d6 2. d4 Nd7 3. Nf3 g6 4. Bc4 e6 5. Bg5 Ne7 6. h4 h6 7. Be3 Bg7 8. Qd2 c6
9. Nc3 d5 10. exd5 cxd5 11. Bb5 a6 12. Bd3 b5 13. Bf4 Nc6 14. Qe3 Qe7 15. a3 b4
16. axb4 Qxb4 17. O-O Bxd4 18. Nxd4 Qxd4 19. Qg3 g5 20. hxg5 hxg5 21. Bxg5 Qe5
22. Qxe5 Ndxe5 23. Bb5 Bb7 24. Ba4 Rh5 25. f4 Ng4 26. Rf3 f6 27. Rg3 fxg5 28.
Rxg4 gxf4 29. Rg7 O-O-O 30. Bxc6 Bxc6 31. Rxa6 Bb7 32. Ra7 Rhh8 33. Nb5 1-0

[Event "45th IT Bosna 2015"]
[Site "Sarajevo"]
[Date "2015.06.05"]
[Round "9.38"]
[White "Kozarcanin, Sead"]
[Black "Hadziselimovic, Bernardina"]
[Result "1-0"]
[WhiteElo "2066"]
[BlackElo "1935"]
[PlyCount "55"]
[EventDate "2015.05.30"]

1. e4 c5 2. Nc3 g6 3. Nge2 Bg7 4. g3 Nc6 5. Bg2 Nf6 6. O-O O-O 7. d3 d6 8. h3
Rb8 9. f4 Nd4 10. g4 e5 11. Nxd4 cxd4 12. Ne2 exf4 13. Bxf4 Ne8 14. Qd2 Be5 15.
c3 Qb6 16. cxd4 Bxd4+ 17. Nxd4 Qxd4+ 18. Be3 Qa4 19. b3 Qa3 20. Bd4 Be6 21. Bb2
Qc5+ 22. d4 Qb6 23. Kh1 a6 24. d5 Bd7 25. Rf6 Rc8 26. Raf1 Qc5 27. Qh6 Bb5 28.
Rxg6+ 1-0

[Event "45th IT Bosna 2015"]
[Site "Sarajevo"]
[Date "2015.06.05"]
[Round "9.40"]
[White "Maksimovic, Bojan"]
[Black "Popic, Boris"]
[Result "1-0"]
[WhiteElo "1891"]
[BlackElo "2009"]
[PlyCount "87"]
[EventDate "2015.05.30"]

1. e4 c5 2. Nf3 d6 3. d4 cxd4 4. Nxd4 Nf6 5. Nc3 a6 6. Be3 e6 7. Be2 Be7 8. O-O
O-O 9. a4 Nc6 10. f4 Qc7 11. Nxc6 bxc6 12. Bd3 c5 13. b3 Bb7 14. g4 d5 15. e5
Nd7 16. Bd2 Rfd8 17. Qf3 Rac8 18. Rad1 Qb6 19. Kh1 c4 20. bxc4 Rxc4 21. Bxc4
dxc4 22. Ne4 Nc5 23. Be3 Rxd1 24. Rxd1 Qc6 25. Bxc5 Bxc5 26. Re1 Qc7 27. Kg2
Bd5 28. Kg3 Qa5 29. Qc3 Bb4 30. Rb1 Qb6 31. Rxb4 Qg1+ 32. Kf3 h5 33. Qe3 Qh1+
34. Kg3 Bxe4 35. Qf2 Qd1 36. h3 Bd5 37. Rb8+ Kh7 38. gxh5 Qa1 39. Kh4 Qxa4 40.
c3 Be4 41. Qg3 Qd7 42. h6 Qe7+ 43. Qg5 Qxg5+ 44. Kxg5 1-0

[Event "45th IT Bosna 2015"]
[Site "Sarajevo"]
[Date "2015.06.05"]
[Round "9.41"]
[White "Bogdanovic, Rajko"]
[Black "Budisavljevic, Luka"]
[Result "1/2-1/2"]
[WhiteElo "2268"]
[BlackElo "1835"]
[PlyCount "68"]
[EventDate "2015.05.30"]

1. e4 c5 2. Nf3 e6 3. d4 cxd4 4. Nxd4 a6 5. Bd3 Bc5 6. Nb3 Ba7 7. Qe2 Nc6 8.
Be3 Nf6 9. Bxa7 Rxa7 10. Nc3 d6 11. O-O b5 12. a4 b4 13. Nd1 O-O 14. Ne3 Ne5
15. f4 Nxd3 16. cxd3 Rc7 17. a5 Bb7 18. Qd2 Qb8 19. Rac1 Bc6 20. Nd4 Rfc8 21.
Nxc6 Rxc6 22. Rxc6 Rxc6 23. Rc1 Rxc1+ 24. Qxc1 Qb7 25. Qc4 d5 26. exd5 Nxd5 27.
Nxd5 exd5 28. Qc5 g6 29. Kf2 Qb8 30. g3 Qb7 31. b3 d4 32. Qxd4 Qh1 33. Qxb4
Qxh2+ 34. Kf3 Qh1+ 1/2-1/2

[Event "45th IT Bosna 2015"]
[Site "Sarajevo"]
[Date "2015.06.05"]
[Round "9.42"]
[White "Drino, Faris"]
[Black "Pastar, Slaven"]
[Result "1/2-1/2"]
[WhiteElo "1774"]
[BlackElo "2194"]
[PlyCount "68"]
[EventDate "2015.05.30"]

1. Nf3 d5 2. d4 Nf6 3. c4 c6 4. Nc3 dxc4 5. a4 g6 6. e3 Be6 7. Ne5 Bg7 8. Bxc4
Bxc4 9. Nxc4 O-O 10. O-O a5 11. Qe2 Na6 12. Rd1 Nb4 13. e4 h5 14. h3 Ne8 15.
Be3 Nd6 16. Rac1 Ra6 17. d5 cxd5 18. Nxd5 Nxd5 19. Rxd5 Qd7 20. b3 Qe6 21. Nxd6
exd6 22. Qb5 Raa8 23. Rcd1 Rfd8 24. Bb6 Rdc8 25. Rxd6 Qxe4 26. Bxa5 Rc2 27. Rf1
Qf4 28. Rd5 Bd4 29. Bb6 Bxb6 30. Qxb6 Re8 31. Rd8 Rxd8 32. Qxd8+ Kg7 33. Qd1
Rd2 34. Qa1+ Kh7 1/2-1/2

[Event "45th IT Bosna 2015"]
[Site "Sarajevo"]
[Date "2015.06.05"]
[Round "9.43"]
[White "Johnen, Franz"]
[Black "Medic, Nevenko"]
[Result "0-1"]
[WhiteElo "1717"]
[BlackElo "2038"]
[PlyCount "130"]
[EventDate "2015.05.30"]

1. d4 d5 2. Nf3 Nf6 3. e3 Bg4 4. c4 e6 5. Nc3 c6 6. Bd2 Bd6 7. h3 Bh5 8. Rc1
Nbd7 9. cxd5 exd5 10. Be2 O-O 11. Qb3 Qb6 12. O-O Ne4 13. g4 Bg6 14. Rfd1 Rab8
15. Nh4 Qd8 16. Nxg6 hxg6 17. Nxe4 dxe4 18. Bb4 Nb6 19. Bxd6 Qxd6 20. Rc5 Nd7
21. Rc3 Kh7 22. Qa3 Qxa3 23. Rxa3 a6 24. b4 Rfd8 25. Ra5 Nb6 26. Re5 Re8 27.
Rxe8 Rxe8 28. Rc1 g5 29. Kg2 Kg6 30. Kg3 Kf6 31. Rc5 g6 32. Bd1 Nd7 33. Rc3 Ke7
34. Bb3 Nb6 35. a4 Rd8 36. Rc5 f6 37. b5 cxb5 38. axb5 a5 39. f3 exf3 40. Kxf3
a4 41. Ba2 Kd6 42. e4 Rc8 43. Rxc8 Nxc8 44. Ke3 Na7 45. b6 Nc8 46. Kd3 Nxb6 47.
Kc3 Nc8 48. Kb4 Ne7 49. Kxa4 Nc6 50. d5 Nd4 51. Ka5 Ne2 52. Bc4 Nc3 53. Kb6
Nxe4 54. Kxb7 Nc3 55. Bd3 Nxd5 56. Bf1 f5 57. gxf5 gxf5 58. Bg2 Nf4 59. Bf1
Nxh3 60. Kb6 Nf4 61. Kb5 Kd5 62. Kb4 Kd4 63. Ba6 g4 64. Bc8 Ke5 65. Kc3 g3 0-1

[Event "45th IT Bosna 2015"]
[Site "Sarajevo"]
[Date "2015.06.05"]
[Round "9.44"]
[White "Maksimovic, Masa"]
[Black "Delic, Jasmin"]
[Result "1/2-1/2"]
[WhiteElo "1702"]
[BlackElo "1987"]
[PlyCount "88"]
[EventDate "2015.05.30"]

1. Nf3 Nf6 2. g3 g6 3. Bg2 Bg7 4. O-O O-O 5. c4 d6 6. Nc3 Nc6 7. d4 Bg4 8. e4
e5 9. d5 Nd4 10. Qd3 c5 11. dxc6 Nxf3+ 12. Bxf3 bxc6 13. Bxg4 Nxg4 14. f3 Qb6+
15. Kg2 Qd4 16. Qxd4 exd4 17. fxg4 dxc3 18. bxc3 Rfe8 19. Kf3 Bxc3 20. Rb1 Rab8
21. Bf4 Be5 22. Rfd1 Kf8 23. Rxb8 Rxb8 24. Rxd6 Bxf4 25. Kxf4 Rb2 26. Rxc6 Rxa2
27. h4 a5 28. Rc7 a4 29. Ra7 a3 30. Ke5 Ra1 31. Kd5 a2 32. Kc5 Ke8 33. g5 Kf8
34. Kc6 Rc1 35. Rxa2 Rxc4+ 36. Kd5 Rc3 37. Rg2 Ke7 38. Ke5 Rf3 39. Ra2 Rxg3 40.
Ra7+ Kf8 41. Ra8+ Kg7 42. Kf4 Rh3 43. Kg4 Re3 44. Re8 Re1 1/2-1/2

[Event "45th IT Bosna 2015"]
[Site "Sarajevo"]
[Date "2015.06.05"]
[Round "9.45"]
[White "Demic, Aleksandar"]
[Black "Colpa, Fahrudin"]
[Result "1-0"]
[WhiteElo "1673"]
[BlackElo "1978"]
[PlyCount "57"]
[EventDate "2015.05.30"]

1. e4 Nc6 2. d4 e6 3. Be3 d5 4. e5 f6 5. Bb5 Bd7 6. Bxc6 Bxc6 7. Nf3 Bb5 8. a4
Ba6 9. Na3 c6 10. c3 fxe5 11. Nxe5 Nf6 12. b4 Bd6 13. b5 cxb5 14. axb5 Qa5 15.
bxa6 Qxc3+ 16. Bd2 Qxd4 17. Nf3 Qd3 18. Qa4+ Kf7 19. axb7 Rab8 20. Nb5 Qe4+ 21.
Qxe4 Nxe4 22. Nxd6+ Nxd6 23. Bf4 Ke7 24. Rxa7 Rhf8 25. Be5 Kd7 26. Ke2 Rf7 27.
Rc1 h6 28. Bg3 Rf5 29. Ne5+ 1-0

[Event "45th IT Bosna 2015"]
[Site "Sarajevo"]
[Date "2015.06.05"]
[Round "9.49"]
[White "Fejzic, Edo"]
[Black "Mahmutbegovic, Muharem"]
[Result "0-1"]
[WhiteElo "1690"]
[BlackElo "1856"]
[PlyCount "68"]
[EventDate "2015.05.30"]

1. e4 e5 2. Nf3 Nc6 3. Bb5 a6 4. Ba4 Nf6 5. d3 d6 6. c3 Bd7 7. O-O Be7 8. Re1
O-O 9. Nbd2 Re8 10. Nf1 b5 11. Bb3 Be6 12. Ng5 Bxb3 13. Qxb3 d5 14. Ng3 h6 15.
Nf3 dxe4 16. dxe4 Bc5 17. Be3 Bxe3 18. Rxe3 Na5 19. Qc2 Nc4 20. Rd3 Qc8 21. b3
Nd6 22. Re3 Qe6 23. Rd1 a5 24. a4 bxa4 25. bxa4 Rab8 26. Re2 Qb3 27. Ne1 Qxc2
28. Rxc2 Nfxe4 29. Nxe4 Nxe4 30. Rd7 Red8 31. Rxc7 Rd1 32. Re2 Rbb1 33. Kf1
Nd2+ 34. Rxd2 Rxe1# 0-1

[Event "45th IT Bosna 2015"]
[Site "Sarajevo"]
[Date "2015.06.05"]
[Round "9.50"]
[White "Smaka, Faruk"]
[Black "Can, Isil"]
[Result "1-0"]
[WhiteElo "1827"]
[BlackElo "1692"]
[PlyCount "58"]
[EventDate "2015.05.30"]

1. e4 e5 2. Nf3 Nc6 3. Bc4 Bc5 4. c3 Nf6 5. O-O d6 6. d4 exd4 7. cxd4 Bb6 8.
Bg5 h6 9. Bh4 O-O 10. h3 Re8 11. Nc3 Ne7 12. Qb3 Rf8 13. e5 Nh7 14. Nd5 g5 15.
Bg3 Nf5 16. Rad1 c6 17. Ne3 d5 18. Bd3 Ng7 19. Ng4 Bxg4 20. hxg4 Ne6 21. Qc2 f5
22. gxf5 Nc7 23. f6 Qd7 24. Bg6 Nxf6 25. exf6 Rxf6 26. Bh5 Raf8 27. Be5 Qf5 28.
Qxf5 Rxf5 29. Bxc7 Bxc7 1-0

[Event "45th IT Bosna 2015"]
[Site "Sarajevo"]
[Date "2015.06.05"]
[Round "9.51"]
[White "Lakota, Izet"]
[Black "Celik, Eda"]
[Result "1/2-1/2"]
[WhiteElo "1790"]
[BlackElo "1615"]
[PlyCount "21"]
[EventDate "2015.05.30"]

1. e4 e5 2. Nf3 Nc6 3. Bb5 a6 4. Bxc6 dxc6 5. h3 f6 6. d3 Ne7 7. Be3 Ng6 8. a3
Be6 9. Nc3 Qd7 10. Qd2 O-O-O 11. O-O-O 1/2-1/2

[Event "45th IT Bosna 2015"]
[Site "Sarajevo"]
[Date "2015.06.05"]
[Round "9.52"]
[White "Arda, Dogasu"]
[Black "Nestorovic, Katarina"]
[Result "1/2-1/2"]
[WhiteElo "1529"]
[BlackElo "1764"]
[PlyCount "41"]
[EventDate "2015.05.30"]

1. d4 Nf6 2. Nf3 e6 3. c4 Bb4+ 4. Bd2 Qe7 5. a3 Bxd2+ 6. Nbxd2 d5 7. e3 O-O 8.
Bd3 b6 9. O-O Bb7 10. cxd5 exd5 11. b4 Nbd7 12. Qb3 a5 13. Rfc1 c6 14. h3 Ra7
15. bxa5 Rxa5 16. Qb4 Qxb4 17. axb4 Rxa1 18. Rxa1 Ra8 19. Rxa8+ Bxa8 20. Nb3
Bb7 21. Kf1 1/2-1/2

[Event "45th IT Bosna 2015"]
[Site "Sarajevo"]
[Date "2015.06.05"]
[Round "9.53"]
[White "Pleh, Semir"]
[Black "Janjic, Nikola"]
[Result "0-1"]
[WhiteElo "1688"]
[BlackElo "1831"]
[PlyCount "114"]
[EventDate "2015.05.30"]

1. d4 d5 2. c4 c6 3. Nc3 Nf6 4. cxd5 cxd5 5. Nf3 Nc6 6. Bg5 Bf5 7. e3 e6 8. Bb5
Be7 9. O-O O-O 10. h3 h6 11. Bf4 Rc8 12. Rc1 a6 13. Be2 b5 14. a3 Na5 15. Ne5
Nd7 16. b4 Nxe5 17. Bxe5 Nc4 18. Bxc4 dxc4 19. e4 Bh7 20. Qe2 f6 21. Bf4 Qxd4
22. Rfd1 Qa7 23. Qg4 f5 24. Qg3 Kh8 25. Be3 Qc7 26. Bf4 Qc6 27. Be5 Bf6 28. Rd6
Qc7 29. Rxe6 Bxe5 30. Qxe5 Qxe5 31. Rxe5 fxe4 32. Nxe4 Rce8 33. Rxe8 Rxe8 34.
Nc5 Ra8 35. Kf1 a5 36. Ke1 axb4 37. axb4 Ra2 38. Rd1 Rb2 39. Na6 Bd3 40. Rd2
Bc2 41. Rd5 Bd3 42. Rc5 Re2+ 43. Kd1 Rxf2 44. g4 Rb2 45. Kc1 Rh2 46. Nc7 Rc2+
47. Kd1 Rb2 48. Nd5 Rh2 49. Rxb5 Rxh3 50. Rb8+ Kh7 51. b5 Be4 52. Nf4 Rf3 53.
Ne2 c3 54. Ke1 Rh3 55. Rc8 Rh1+ 56. Kf2 c2 57. Ke3 Bg6 0-1

[Event "45th IT Bosna 2015"]
[Site "Sarajevo"]
[Date "2015.06.05"]
[Round "9.56"]
[White "Hamzic, Adil"]
[Black "Krug, Franz-Dieter"]
[Result "0-1"]
[WhiteElo "1823"]
[BlackElo "1639"]
[PlyCount "22"]
[EventDate "2015.05.30"]

1. e4 e5 2. Nf3 d6 3. Bc4 Be7 4. c3 Nf6 5. d3 O-O 6. h3 h6 7. O-O Nbd7 8. Re1
Nh7 9. Nbd2 Kh8 10. Nf1 Nb6 11. d4 Nxc4 0-1